| 000 | 00346cam a22001217a 4500 | ||
|---|---|---|---|
| 008 | 180718b1968 xxu||||| |||| 00| 0 eng d | ||
| 082 | _aA99 G151/As35 | ||
| 100 | _aAshe, Geoffrey | ||
| 245 |
_aGandhi: a study in revolution _cby Geoffrey Ashe |
||
| 260 |
_aBombay _bAsia _c1968 |
||
| 300 | _a404p. | ||
| 650 | _aGandhi, Mohandas Karamchand, 1869-1948 | ||
| 999 |
_c358456 _d358456 |
||